Theorie der linearen operatoren im Hilbert-Raum

Saved in:
Bibliografiske detaljer
Main Authors: Achieser, Von N. I (Author), Glasmann, I. M (Author)
Format: Bog
Sprog:tysk
Udgivet: Berlín Akademie 1968
Serier:Mathematische Lehrbucher, 4
Fag:
Tags: Tilføj Tag
Ingen Tags, Vær først til at tagge denne postø!

MARC

LEADER 00000cam a2200000 a 4500
001 UCF4728
003 CL-VaPUC
008 121220e19680000GW |||||||||||||||||ger|d
082 0 4 |a 515.7246  |b ACH  |2 21 
100 0 |a Achieser, Von N. I  |e author  |9 566278 
700 0 |a Glasmann, I. M  |e author  |9 566279 
245 1 0 |a Theorie der linearen operatoren im Hilbert-Raum 
300 |a 488 p 
942 |c BK 
945 |d 20121220 00:00:00  |a dcastane 
260 |a Berlín  |b Akademie  |c 1968 
650 0 |a Operadores lineales  |9 271265 
650 0 |a Espacio de Hilbert   |9 260141 
650 7 |a FUNCIONES LINEALES  |2 CL-VaPUC  |9 422404 
650 0 |a Análisis espectral   |9 315304 
583 |a last modification  |c 20121220 10:25:00  |k Rodrigo Vera 
490 0 |a Mathematische Lehrbucher, 4 
999 |c 350433  |d 350431 
952 |0 0  |1 0  |4 0  |6 515_724600000000000_ACH_1968  |7 0  |8 A  |9 453750  |a BIBMAT  |b BIBMAT  |d 2019-11-22  |i 4918371  |o 515.7246 ACH 1968  |p 4918371  |r 2025-01-07  |w 2019-11-22  |y BK  |k MAT